| 000 | 00559nam a22001937a 4500 | ||
|---|---|---|---|
| 005 | 20140312080637.0 | ||
| 008 | 091105s2010 nyua 001 0 eng | ||
| 020 | _a9780071604109 | ||
| 080 | _a004.272.23 | ||
| 100 | 1 | _aKanjilal, Joydip. | |
| 245 | 1 | 0 |
_aASP.NET 4.0 programming / _cJoydip Kanjilal. |
| 260 |
_aNew York : _bMcGraw-Hill, _c2010. |
||
| 300 |
_a382 f. : _bme il. ; _c23 cm. |
||
| 500 | _aPƫrfshin indeksin f. 375-382 | ||
| 630 | 0 | 0 | _aActive server pages. |
| 650 | 0 | _aKompjuterat | |
| 650 | 0 | _aKompjuterat-Programimi-Softuerat | |
| 942 |
_2udc _cBK |
||
| 999 |
_c415 _d415 |
||